000 01458nam a22004457a 4500
003 OSt
005 20230413162239.0
008 221006b |||||||| |||| 00| 0 eng d
040 _cBiblioteca Lado V
082 _a700
_bA849a
110 _9800
_aAssociation Atheme
_edirector
245 _aArtheme/
_bArt contemporain caraibe/
260 _bConseil general de la Guadeloupe
_c1999
_aFrancia
300 _c21x30cm
_a43p.
366 _espa
366 _efre
366 _eeng
490 _v1999
_a04
_x1292 3745
505 _tEditorial
505 _tRegards Croises sur
505 _tActualites caribeennes
505 _tLes reves de L'IRAV
505 _tBEST-SELLER
505 _tZoom
505 _tAbonnement
505 _tAteliers d'artistes
505 _tLa vie d'artistes
505 _tAnalyse d'une oeuvre
505 _tRetrospectives/Perspectives
650 _2Tesauro de Arte & Arquitectura
_aARTE
_9703
650 _2Tesauro de Arte & Arquitectura
_aEXPOSICIONES
650 _2Tesauro de Arte & Arquitectura
_aBIENAL
650 _2Tesauro de Arte & Arquitectura
_aAPRECIACION
650 _2Tesauro de Arte & Arquitectura
_aTEORIA
650 _2Tesauro de Arte & Arquitectura
_aCRITICA
650 _2Tesauro de Arte & Arquitectura
_aFOTOGRAFIA
_9702
650 _2Tesauro de Arte & Arquitectura
_aLITERATURA
650 _2Tesauro de Arte & Arquitectura
_aCUBANO
942 _2ddc
_c1
_h700
_iA849a
_n0
999 _c3382
_d3382